[Event "POL-chT2 U18"]
[Site "Augustow"]
[Date "1996.??.??"]
[Round "?"]
[White "Glen, Adrian"]
[Black "Bobras, Piotr"]
[Result "1/2-1/2"]
[WhiteElo "2165"]
[BlackElo "2355"]
[PlyCount "66"]
[EventDate "1996.??.??"]
[EventType "team"]
[EventRounds "10"]
[EventCountry "POL"]
[SourceTitle "EXT 2003"]
[Source "ChessBase"]
[SourceDate "2002.11.25"]
[SourceVersion "1"]
[SourceVersionDate "2002.11.25"]
[SourceQuality "1"]

1. c3 Nf6 2. Nf3 d6 3. d4 Nbd7 4. g3 e5 5. dxe5 dxe5 6. Bg2 Be7 7. Nbd2 c6 8. Nc4 Qc7 9. 0-0 0-0 10. Qc2 b6 11. Bg5 Ba6 12. Ne3 g6 13. Nh4 Rfe8 14. Bh6 Bf8 15. Bxf8 Nxf8 16. Rfd1 Rad8 17. Rxd8 Rxd8 18. Rd1 Rxd1+ 19. Qxd1 Ne6 20. Nf3 Kf8 21. Kf1 Ke7 22. Nd2 Qd7 23. Qc2 Nd5 24. Nxd5+ cxd5 25. Qb3 Bc4 26. Nxc4 dxc4 27. Qb4+ Nc5 28. f4 Qa4 29. Ke1 Qxa2 30. Bd5 Qb1+ 31. Kf2 exf4 32. gxf4 Qf5 33. Qxc4 Qh3 1/2-1/2

[Event "POL-chT2 U18"]
[Site "Augustow"]
[Date "1996.??.??"]
[Round "?"]
[White "Glen, Adrian"]
[Black "Zakonnik, Andrzej"]
[Result "1/2-1/2"]
[WhiteElo "2165"]
[BlackElo "2065"]
[PlyCount "29"]
[EventDate "1996.??.??"]
[EventType "team"]
[EventRounds "10"]
[EventCountry "POL"]
[SourceTitle "EXT 2003"]
[Source "ChessBase"]
[SourceDate "2002.11.25"]
[SourceVersion "1"]
[SourceVersionDate "2002.11.25"]
[SourceQuality "1"]

1. c3 c5 2. Nf3 e6 3. e4 d5 4. exd5 Qxd5 5. d4 cxd4 6. cxd4 Nf6 7. Nc3 Qd6 8. Bd3 Be7 9. 0-0 0-0 10. Bc2 Nc6 11. a3 h6 12. Qd3 Rd8 13. Be3 b6 14. Rfe1 a5 15. Rad1 1/2-1/2

[Event "POL-chT2 U18"]
[Site "Augustow"]
[Date "1996.??.??"]
[Round "?"]
[White "Lewandowski, Rafal"]
[Black "Glen, Adrian"]
[Result "1-0"]
[WhiteElo "2165"]
[BlackElo "2165"]
[PlyCount "83"]
[EventDate "1996.??.??"]
[EventType "team"]
[EventRounds "10"]
[EventCountry "POL"]
[SourceTitle "EXT 2003"]
[Source "ChessBase"]
[SourceDate "2002.11.25"]
[SourceVersion "1"]
[SourceVersionDate "2002.11.25"]
[SourceQuality "1"]

1. e4 e6 2. d4 d5 3. Nc3 Nf6 4. Bg5 Be7 5. e5 Nfd7 6. h4 Bxg5 7. hxg5 Qxg5 8. Nh3 Qe7 9. Qg4 f5 10. exf6 Nxf6 11. Qg3 a6 12. 0-0-0 b5 13. Nf4 Qd6 14. Bd3 Nc6 15. Nce2 Bd7 16. Qxg7 Rf8 17. Bxh7 0-0-0 18. Bd3 Ne8 19. Qg3 Nxd4 20. Ng6 Nxe2+ 21. Bxe2 Qxg3 22. fxg3 Rf6 23. Ne5 Nd6 24. Rdf1 Rf5 25. Rxf5 exf5 26. Nxd7 Rxd7 27. g4 Rg7 28. gxf5 Rxg2 29. Bf3 Rf2 30. Bxd5 Nxf5 31. Rh8+ Kd7 32. Ra8 Ne3 33. Be4 Rf6 34. b3 Rb6 35. Kd2 Nf1+ 36. Kc3 Ng3 37. Bf3 c5 38. a4 Kc7 39. Ra7+ Kd6 40. a5 Rb8 41. Rxa6+ Ke5 42. Rc6 1-0